000
00186nam a2200073Ia 4500
008
180219s9999 xx 000 0 und d
100
_a
Surfeet Florence
245
0
_a
Child In Home And School
260
_a
New Delhi Sonali
999
_c
41337
_d
41337